Nghiên cứu đặc điểm tái sinh dưới tán rừng kín thường xanh ẩm á nhiệt đới tại vườn quốc gia Bidoup - Núi Bà, tỉnh Lâm Đồng

সংরক্ষণ করুন:
গ্রন্থ-পঞ্জীর বিবরন
প্রধান লেখক: Hoàng Đình Quang
অন্যান্য লেখক: Lê, Quang Minh
বিন্যাস: গ্রন্থ
ভাষা:Undetermined
বিষয়গুলি:
অনলাইন ব্যবহার করুন:http://lrc.tdmu.edu.vn/opac/search/detail.asp?aID=2&ID=27113
ট্যাগগুলো: ট্যাগ যুক্ত করুন
কোনো ট্যাগ নেই, প্রথমজন হিসাবে ট্যাগ করুন!
Thư viện lưu trữ: Trung tâm Học liệu Trường Đại học Thủ Dầu Một
LEADER 00783nam a2200157Ia 4500
001 TDMU_27113
008 210410s9999 xx 000 0 und d
082 |a 635 
100 |a Hoàng Đình Quang 
245 0 |a Nghiên cứu đặc điểm tái sinh dưới tán rừng kín thường xanh ẩm á nhiệt đới tại vườn quốc gia Bidoup - Núi Bà, tỉnh Lâm Đồng 
245 0 |c Hoàng Đình Quang, Lê Quang Minh 
300 |a Tr.85-90 
650 |a Nông - Lâm - Nghiệp; Tái sinh rừng tự nhiên; Vườn Quốc gia Bidoup - Núi Bà 
700 |a Lê, Quang Minh 
856 |u http://lrc.tdmu.edu.vn/opac/search/detail.asp?aID=2&ID=27113 
980 |a Trung tâm Học liệu Trường Đại học Thủ Dầu Một